Coincidences - Country Flags - Statistics

General Stats
  • This quiz has been taken 70 times
    11 since last reset
  • The average score is 9 of 14
Answer Stats
% Correct
Costa Rica
78%
Côte d'Ivoire
78%
Indonesia
78%
Ireland
78%
Monaco
78%
Romania
78%
Thailand
78%
Liechtenstein
67%
Chad
56%
Somalia
56%
United States
56%
FS Micronesia
44%
Haiti
33%
Malaysia
33%
No matching quizzes found
Score Distribution
Percent of People with Each Score
Percentile by Number Answered
Your Score History
You have not taken this quiz since the last reset